| 000 | 00544nam a2200169 4500 | ||
|---|---|---|---|
| 999 |
_c4183 _d4183 |
||
| 008 | 160827b xxu||||| |||| 00| 0 eng d | ||
| 022 | _a2094-8042 | ||
| 082 | _aDPer 370.105 M72 Jan-Dec 2012 v. 60-61 | ||
| 100 |
_913801 _aLuna, Monalisa V. |
||
| 243 | _aThe modern teacher | ||
| 245 |
_aThe real essence of graduation/ _cMonalisa V. Luna. |
||
| 260 |
_aPhilippines: _bIn the Grade School, Inc., _c©2012. |
||
| 300 |
_av60 n10, page 400; _c28 cm. |
||
| 500 | _aThe Modern Teacher. | ||
| 650 | 0 |
_913802 _aCommencements |
|
| 942 |
_2ddc _cPER |
||